FIFA 19 Top 10 Central Midfielders - Statistics

General Stats
  • This quiz has been taken 88 times
  • The average score is 7 of 10
Answer Stats
Rank Player OVA % Correct
1 Luka Modric 91
96%
2 Toni Kroos 90
90%
5 Paul Pogba 88
85%
3 N'Golo Kanté 89
74%
6 Sergio Busquets 88
72%
4 Casemiro 88
71%
9 Andrès Iniesta 87
69%
8 Ivan Rakitic 87
68%
10 Marco Verratti 86
51%
7 Marek Hamsik 87
27%
No matching quizzes found
Score Distribution
Percent of People with Each Score
Percentile by Number Answered
Your Score History
You have not taken this quiz